Kluby Betclic 2 Liga - Sezon 25/26 - Statystyki

Ogólne statystyki
  • Ten quiz został rozwiązany 22 razy
  • Średni wynik to 14 z 18
Statystyki odpowiedzi
Nazwa klubu % Poprawnych
Resovia Rzeszów
89%
ŁKS Łódź II
84%
Podbeskidzie Bielsko-Biała
84%
Rekord Bielsko-Biała
84%
Chojniczanka Chojnice
79%
GKS Jastrzębie
79%
Olimpia Grudziądz
79%
Podhale Nowy Targ
79%
Śląsk Wrocław II
79%
Warta Poznań
79%
Zagłębie Sosnowiec
79%
Hutnik Kraków
74%
KKS Kalisz
74%
Sokół Kleczew
74%
Unia Skierniewice
74%
Sandecja Nowy Sącz
58%
Stal Stalowa Wola
58%
Świt Szczecin
53%
Nie znaleziono quizów pasujących do podanych kryteriów
Rozkład punktacji
Procent ludzi z każdym wynikiem
Percentyl według liczby udzielonych odpowiedzi
Twoja historia wyników
Nie rozwiązałeś tego quizu